Online Public Access Catalogue

Textbook of Diagnostic Microbiology (Record no. 5007)

MARC details
000 -LEADER
fixed length control field 00423nam a2200157Ia 4500
020 ## - INTERNATIONAL STANDARD BOOK NUMBER
International Standard Book Number 9788131204603
082 ## - DEWEY DECIMAL CLASSIFICATION NUMBER
Classification number 616.9041
Author Mark MAH
100 ## - MAIN ENTRY--PERSONAL NAME
Author Name Mahon, Connie R.
245 #0 - TITLE STATEMENT
Title Textbook of Diagnostic Microbiology
250 ## - EDITION STATEMENT
Edition statement 3rd
260 ## - PUBLICATION, DISTRIBUTION, ETC.
Place of publication, distribution, etc. India
Name of publisher, distributor, etc. Saunders Company
Date of publication, distribution, etc. 2007
300 ## - PHYSICAL DESCRIPTION
No of Pages 1211 p
illustrations :ill;
504 ## - BIBLIOGRAPHY, ETC. NOTE
Bibliography, Index, etc. note include index
650 ## - SUBJECT ADDED ENTRY--TOPICAL TERM
Subject Microbiology
Keywords Diagnostic
-- Diagnosis
-- Nursing
-- IMDC
942 ## - ADDED ENTRY ELEMENTS (KOHA)
Koha item type Books
Source of classification or shelving scheme
Holdings
Item status Home library Current library Shelving location Date acquired Total Checkouts Full call number Barcode Date last seen Koha item type
  Islamabad Medical and Dental College Islamabad Medical and Dental College Islamabad Medical and Dental College 16/03/2018   616.9041 MAH 6749 16/03/2018 Books

Copyright @ IMDC Library
Islamabad Medical and Dental College
Bhara Kahu, Islamabad

  Contact the Librarian, IMDC
  Email:: library@imdcollege.edu.pk

  OPAC Customized by
  Mazhar Hussain,
  Librarian:
  Islamabad Medical and Dental College
  Email:: library@imdcollege.edu.pk